000 00355cam a22001337a 4500
008 180718b2002 xxu||||| |||| 00| 0 eng d
020 _a0285647253
082 _aA99 Ei68
100 _aEinstein, Albert
245 _aIdeas and opinions
_cby Albert Einstein
260 _aNew Delhi
_bRupa
_c2002
300 _a377p.
650 _aEinstein, Albert, 1879 - 1955
999 _c399510
_d399510